[Event "Benasque op 44th"]
[Site "Benasque"]
[Date "2025.07.05"]
[Round "2"]
[White "Jaime Galeano, Alcher"]
[Black "Vocaturo, Daniele"]
[Result "0-1"]
[WhiteElo "2082"]
[BlackElo "2575"]
[PlyCount "76"]
[EventDate "2025.07.04"]
[EventType "swiss"]
[EventRounds "10"]
[EventCountry "ESP"]
[SourceTitle "CB29_2025"]
[SourceDate "2025.07.16"]
[SourceVersion "1"]
[SourceVersionDate "2025.07.16"]
[SourceQuality "1"]

1. e4 c5 2. Nf3 d6 3. d4 cxd4 4. Qxd4 Nc6 5. Bb5 Bd7 6. Bxc6 bxc6 7. e5 d5 8. 0-0 e6 9. Bf4 Ne7 10. c4 Ng6 11. Bg3 Qb6 12. cxd5 Bc5 13. Qc3 cxd5 14. Nbd2 Bb4 15. Qb3 Rb8 16. Rab1 0-0 17. a3 Bxd2 18. Qxb6 Rxb6 19. Nxd2 Bb5 20. Rfe1 Bd3 21. Rbc1 Rxb2 22. Nf3 Bc4 23. Nd4 h5 24. h4 Rfb8 25. Nc6 Rc8 26. Na5 Rb5 27. Nxc4 dxc4 28. Rc3 Ne7 29. Rec1 Rbc5 30. f4 Nd5 31. R3c2 c3 32. Bf2 Ra5 33. g3 Rxa3 34. Bd4 Rc4 35. Bf2 Nb4 36. Re2 Nd3 37. Rcc2 Ra1+ 38. Kg2 Nb4 0-1

[Event "Benasque op 43rd"]
[Site "Benasque"]
[Date "2024.07.05"]
[Round "1"]
[White "Zoler, Dan"]
[Black "Jaime Galeano, Alcher"]
[Result "1-0"]
[WhiteElo "2467"]
[BlackElo "1895"]
[PlyCount "69"]
[EventDate "2024.07.05"]
[EventType "swiss"]
[EventRounds "10"]
[EventCountry "ESP"]
[SourceTitle "CBM 221 Extra"]
[Source "ChessBase"]
[SourceDate "2024.09.30"]
[SourceVersion "1"]
[SourceVersionDate "2024.09.30"]
[SourceQuality "1"]

1. d4 d5 2. c4 e6 3. Nf3 Nf6 4. Bg5 Be7 5. e3 0-0 6. Nc3 h6 7. Bh4 b6 8. Bd3 Bb7 9. 0-0 c5 10. Qe2 Nc6 11. dxc5 bxc5 12. cxd5 exd5 13. Rfd1 Re8 14. Bxf6 Bxf6 15. Nxd5 Nd4 16. Nxf6+ Qxf6 17. Nxd4 cxd4 18. e4 Qe5 19. Re1 f5 20. exf5 Qa5 21. Qf1 Rac8 22. Rxe8+ Rxe8 23. Qc1 Be4 24. Qe1 Qe5 25. Bxe4 Qxe4 26. Qxe4 Rxe4 27. Kf1 Kf7 28. Re1 Rf4 29. Re5 Kf6 30. Rd5 Re4 31. f3 Rf4 32. Ke2 Rxf5 33. Rxf5+ Kxf5 34. Kd3 Ke5 35. f4+ 1-0

[Event "ESP-ch U14 rapid"]
[Site "Salobrena"]
[Date "2023.07.23"]
[Round "7"]
[White "Oubina Pazos, Ricardo"]
[Black "Jaime Galeano, Alcher"]
[Result "1-0"]
[WhiteElo "1669"]
[BlackElo "1484"]
[PlyCount "79"]
[EventDate "2023.07.22"]
[EventType "swiss (rapid)"]
[EventRounds "9"]
[EventCountry "ESP"]
[SourceTitle "EXT 2024"]
[Source "ChessBase"]
[SourceDate "2023.10.10"]
[SourceVersion "1"]
[SourceVersionDate "2023.10.10"]
[SourceQuality "1"]

1. d4 d5 2. c4 e6 3. Nc3 Nf6 4. Nf3 Be7 5. e3 0-0 6. Qc2 b6 7. Be2 Bb7 8. b3 c5 9. 0-0 Nc6 10. Bb2 dxc4 11. Bxc4 cxd4 12. Rfd1 Nb4 13. Qe2 Qc7 14. Nxd4 Rfd8 15. Rac1 e5 16. Nc2 Rxd1+ 17. Rxd1 Qc6 18. f3 e4 19. f4 Rc8 20. Nd4 Qc5 21. Na4 Qc7 22. a3 Nc6 23. h3 Nxd4 24. Rxd4 h6 25. Nc3 Bc5 26. Rd1 Qe7 27. a4 Rd8 28. Rxd8+ Qxd8 29. Kh2 Bc8 30. g4 Bb7 31. Nd1 Nd5 32. Qd2 Qd6 33. Be5 Qe6 34. Nc3 Bxe3 35. Qe1 Bc5 36. Qxe4 Nxc3 37. Qxb7 Qg6 38. f5 Bd6 39. fxg6 Bxe5+ 40. Kh1 1-0